Записка из третьего отделения Собственной его императорского величества канцелярии от 28 февраля о причинах беспорядков между ст...

Доступно только в Электронных читальных залах Найти на картеНа карте
RUSMARC
00003809nmc2a22002413x 450
001dbff0f3f-95a4-49dd-9947-a28f88dc6436
00520211229140457.0
100##$a20211115l18791879k l0rusy0189 ca
1010#$arus
102##$aRU
105##$ay###
1220#$ad
2001#$aЗаписка из третьего отделения Собственной его императорского величества канцелярии от 28 февраля о причинах беспорядков между студентами Харьковского ветеринарного института
$j28 февраля 1879 г.
215##$a2 л.
$d36,5х26 см
251##$cДело
300##$aДело
371##$aДокумент не является опубликованным и широко распространяемым
461#0$1001a74412a3-3cc5-4d21-8f0a-dfe2fbd9e72d
$12001
$aДепартамент народного просвещения Министерства народного просвещения (1803-1917)
$1251
$cФонд
$1852
$j733
462#0$10011b08034a-548f-44f4-b7d9-c443c7f97109
$12001
$aВрачебно-санитарная часть учебных заведений Департамента народного просвещения
$1251
$cОпись
$1852
$j200
$l1879 г.
801#0$aRU
$bРГИА
$c20211115
$gRCR
801#1$aRU
$bГлавНИВЦ
$c20211115
$2rusmarc
801#2$aRU
$bПБ им. Б.Н. Ельцина
$c20211229
$gRCR
$2rusmarc
850##$aРГИА
852##$aРГИА
$eФедеральное казенное учреждение "Российский государственный исторический архив" (РГИА)
$j10
937##$hРГИА
$d12374680
$aASBIBLIO_SCAN
035##$aRusGRCC00036244
856##$uhttp://readingroom.main.prlib.ru/item.aspx?id_node=n172214154&mode=full
Формат отображения